000 00463nam a2200169Ia 4500
999 _c66
_d66
003 OSt
005 20200319142556.0
008 190216s9999||||xx |||||||||||||| ||und||
040 _coclc
082 _a297
_bGAZ/I
100 1 _aGhazālī, Muḥammad,
_91914
_d1917-1996
245 0 _aIslamile Nadapadikramangal /
_cMuhammad Ghazali
260 _bBantam Books,
300 _a254p
650 _aArabic
942 _cBK
_2ddc
_h297
_iGHA/I
_k297
_mGHA/I